Invitation to number theory /

Guardado en:
Autor Principal: Ore, Øystein, 1899-1968.
Formato: Libro
Idioma:English
Publicado: New York : [Syracuse, N.Y.] : Random House ; L. W. Singer Company, c1967.
Series:New mathematical library ; 20
Etiquetas: Agregar Etiqueta
Sin Etiquetas, Sea el primero en etiquetar este registro!
LEADER 00614cam a22001815 4500
001 MAT.inmabb002027
008 700113s1967####xxua#####b####001#0#eng#d
005 20130315130827.0
245 1 0 |a Invitation to number theory /  |c by Oystein Ore. 
260 |a New York :  |b Random House ;  |a [Syracuse, N.Y.] :  |b L. W. Singer Company,  |c c1967. 
300 |a viii, 129 p. :  |b il. ;  |c 23 cm. 
440 0 |a New mathematical library ;  |v 20 
504 |a Bibliografía: p. 125-126. 
510 4 |a MR,  |c 38 #3212 
100 1 |a Ore, Øystein,  |d 1899-1968. 
084 |a 11-01  |2 msc2000 
010 |a  75008600  
859 |h 11  |i Or66i  |p A-3674  |b BIB. MATEMATICA